Java: How to Program, Fifth Edition /

Na minha lista:
Detalhes bibliográficos
Main Authors: Deitel, Harvey M (Author), Deitel, P.J (Author)
Formato: Livro
Idioma:inglês
Publicado em: New Jersey: Prentice Hall, Inc., 2003
Edição:5th Edition
Assuntos:
Tags: Adicionar Tag
Sem tags, seja o primeiro a adicionar uma tag!

MARC

LEADER 00000nam a22000003a 4500
001 0082293
003 SK-STU
005 20200706152123.3
007 ta
008 200706s ----xo-----e------000-0-----d
020 |a 0-13-120236-7 
040 |a STU  |b slo 
041 0 |a eng 
044 |a xxu 
100 1 |a Deitel, Harvey M  |4 aut 
245 1 0 |a Java: How to Program,  |b Fifth Edition /  |c aut. Harvey M Deitel, P.J Deitel 
250 |a 5th Edition 
260 |a New Jersey:  |b Prentice Hall, Inc.,  |c 2003 
300 |a 1447 s. 
650 0 7 |a Java 
650 0 7 |a programovacie jazyky 
700 1 |a Deitel, P.J.  |4 aut 
996 |c I*16PJ13759  |l II680  |s A  |a 24  |w 0082293_0001